000
00222nam a2200097Ia 4500
008
240331s9999 xx 000 0 und d
082
_b
FEM
100
_a
Butler, J. ed
245
0
_a
Feministstheorize the political
942
_c
L
999
_c
1758
_d
1758